000 00287nam a2200109Ia 4500
008 200302s9999 xx 000 0 und d
100 _aJanelle Mcculloch
245 _aView From The Top : Grand Apartment Living
260 _bImages Publishing, Austraila
260 _c2008
300 _a202 P
999 _c4968
_d4968